000 00328 a2200109 4500
001 ART_30538
005 20260410162002.0
008 260409a
245 1 0 _aTeorías económicas y convertibilidad
100 1 _aEmmerich, Gustavo Ernesto
773 0 _tForo económico
_g- Año II, Nº 3 (nov. 1996)
_wREV30369
999 _c31409
_d31409